|
|
|
|
| LEADER |
00000nab a2200000 4500 |
| 001 |
vtls011865117 |
| 003 |
SK-MaSNL |
| 005 |
20260303095025.0 |
| 008 |
190509 2018 xo 000 0 eng |
| 015 |
|
|
|a SNBRB2019/05
|2 LMAOSK
|
| 040 |
|
|
|a LMAOSK
|b slo
|c LMAOSK
|e rda
|
| 041 |
0 |
|
|a eng
|
| 044 |
|
|
|a xo
|c SK
|
| 072 |
|
7 |
|a 004
|x Počítačová veda. Výpočtová technika. Informačné technológie
|2 konspekt
|
| 080 |
|
|
|a 510.5
|2 2011
|
| 080 |
|
|
|a (046)
|2 2011
|
| 080 |
|
|
|a 004.056
|2 2011
|
| 080 |
|
|
|a 004.72
|2 2011
|
| 100 |
1 |
|
|a Ďurčeková, V.
|4 aut
|9 1107983
|
| 245 |
1 |
0 |
|a Detection of Attacks Causing Network Service Denial
|c V. Ďurčeková, L. Schwartz, V. Hottmar, B. Adamec
|
| 300 |
|
|
|b Tabulky, grafy, obrázky
|
| 336 |
|
|
|a text
|b txt
|2 rdacontent
|
| 337 |
|
|
|a bez média
|b n
|2 rdamedia
|
| 338 |
|
|
|a zväzok
|b nc
|2 rdacarrier
|
| 500 |
|
|
|a Obsahuje Abstrakt na s. 87
|
| 500 |
|
|
|a Biografické údaje
|
| 650 |
0 |
7 |
|a počítačová bezpečnosť
|2 SNKPH
|9 29531
|
| 650 |
0 |
7 |
|a sieťová architektúra
|2 SNKPH
|9 1881
|
| 650 |
0 |
7 |
|a algoritmy
|2 SNKPH
|9 3655
|
| 655 |
|
7 |
|a články
|2 SNKPH
|9 70601
|
| 700 |
1 |
|
|a Schwartz, L.
|4 aut
|9 1107984
|
| 700 |
1 |
|
|a Hottmar, V.
|4 aut
|9 1107985
|
| 700 |
1 |
|
|a Adamec, B.
|4 aut
|9 796220
|
| 773 |
0 |
|
|t Advances in Military Technology
|g Roč. 13, č. 1 (2018), s. 87-94
|x 1802-2308
|
| 852 |
|
|
|a LMAOSK
|b KIS3GCP
|
| 856 |
4 |
1 |
|u http://aimt.unob.cz/articles/18_01/1220.pdf
|
| 958 |
|
|
|a NB
|
| 999 |
|
|
|c 1823421
|d 1825351
|